Jeux olympiques d'hiver Albertville 1992 - Tableau des médailles - Statistiques

Statistiques générales
  • Ce quiz a été pris 391 fois
  • Le résultat moyen est 15 sur 19
Statistiques - réponses
Total Pays % Correct
3 5 1 9 France
100%
5 4 2 11 États-Unis
99%
9 6 5 20 Norvège
97%
10 10 6 26 Allemagne
94%
2 3 2 7 Canada
94%
0 3 0 3 Chine
94%
3 1 3 7 Finlande
94%
1 0 3 4 Suède
94%
4 6 4 14 Italie
93%
1 2 4 7 Japon
91%
1 0 2 3 Suisse
89%
6 7 8 21 Autriche
88%
0 0 1 1 Espagne
80%
1 1 2 4 Pays-Bas
79%
2 1 1 4 Corée du Sud
74%
0 1 0 1 Nouvelle-Zélande
39%
0 0 3 3 Tchécoslovaquie
36%
0 2 0 2 Luxembourg
29%
0 0 1 1 Corée du Nord
28%
Aucun quiz correspondant
Distribution des résultats
% des personnes avec chaque résultat
Percentile par nombre de réponses
Votre historique - résultats
Vous n’avez pas pris ce quiz